Memoria regional FOSIS 2000-2005: con su esfuerzo y una oportunidad
সংরক্ষণ করুন:
| সংস্থা লেখক: | |
|---|---|
| বিন্যাস: | গ্রন্থ |
| ভাষা: | স্প্যানিশ |
| প্রকাশিত: |
Santiago
FOSIS, Gobierno de Chile
2005
|
| বিষয়গুলি: | |
| ট্যাগগুলো: |
ট্যাগ যুক্ত করুন
কোনো ট্যাগ নেই, প্রথমজন হিসাবে ট্যাগ করুন!
|
MARC
| LEADER | 00000nam a2200000 a 4500 | ||
|---|---|---|---|
| 001 | UCG4299 | ||
| 003 | CL-VaPUC | ||
| 008 | 101021e20050000CL |||||||||||||||||spa|d | ||
| 082 | 0 | 4 | |a 353.5 |b FOS |2 21 |
| 110 | 2 | |a FOSIS, Gobierno de Chile |e author |9 553659 | |
| 245 | 1 | 0 | |a Memoria regional FOSIS 2000-2005: con su esfuerzo y una oportunidad |
| 300 | |a 54 p | ||
| 942 | |c BK | ||
| 945 | |d 20101021 00:00:00 |a mfarfan | ||
| 260 | |a Santiago |b FOSIS, Gobierno de Chile |c 2005 | ||
| 600 | 0 | 7 | |a FOSIS |2 CL-VaPUC |9 518173 |
| 650 | 0 | |a Bienestar social |9 255298 | |
| 650 | 0 | |a Problemas sociales |9 258537 | |
| 650 | 7 | |a ESTADO FINANCIERO |2 CL-VaPUC |9 402455 | |
| 650 | 0 | |a Inversiones |9 261520 | |
| 583 | |a last modification |c 20101021 00:00:00 |k Rodrigo Vera | ||
| 999 | |c 343111 |d 343109 | ||
| 952 | |0 0 |1 0 |4 0 |6 353_500000000000000_FOS_2005 |7 0 |8 A |9 440117 |a BIBGIM |b BIBGIM |d 2019-11-22 |i 4725816 |o 353.5 FOS 2005 |p 4725816 |r 2025-01-15 |w 2019-11-22 |y BK |k GIM | ||